Los movimientos populares en América Latina /

Los trabajos reunidos en este libro estudian país por país los movimientos populares latinoamericanos entre 1970 y 1983. Para distinguirlos de los movimientos sociales (en los que caben también movimientos de los sectores dominantes), los aquí estudiados son los movimientos campesino, obrero, estudi...

Full description

Bibliographic Details
Other Authors: Camacho, Daniel, coord, Menjívar, Rafael, coord
Format: Libro
Language:Spanish
Published: México Siglo Veintiuno 2005
Edition:2a. ed.
Series:Biblioteca América Latina: actualidad y perspectivas
Subjects:
Online Access:

MARC

LEADER 00000cam a2200000 a 4500
001 023448
003 UAHC_CL
005 20170803122242.0
008 051014b2005 mx 000 spa
020 |a 968231528X 
040 |a UAHC_CL  |c UAHC_CL  |d UAHC_CL 
245 1 4 |a Los movimientos populares en América Latina /  |c coordinado por Daniel Camacho y Rafael Menjívar. 
250 |a 2a. ed. 
260 |b Siglo Veintiuno  |a México  |c 2005 
300 |a 560 p. 
490 0 |a Biblioteca América Latina: actualidad y perspectivas 
520 |a Los trabajos reunidos en este libro estudian país por país los movimientos populares latinoamericanos entre 1970 y 1983. Para distinguirlos de los movimientos sociales (en los que caben también movimientos de los sectores dominantes), los aquí estudiados son los movimientos campesino, obrero, estudiantil, femenino, ecológico, etc., que cuestionan las estructuras de dominio de manera radical. 
521 |a América Latina: Sociedad oligárquica y movimientos sociales 
650 4 |a MOVIMIENTOS SOCIALES  |z AMERICA LATINA  |y 1970-1983 
651 4 |a AMERICA LATINA  |x HISTORIA  |y 1970-1983 
653 |a PEDAGOGIA EN HISTORIA Y CIENCIAS SOCIALES 
658 |a Barrientos, Claudio 
700 1 |a Camacho, Daniel, coord. 
700 1 |a Menjívar, Rafael, coord. 
900 |a 980.03 MOV 
942 |c BK 
952 |0 0  |1 0  |4 0  |6 980_030000000000000_MOV  |7 0  |8 General  |9 46849  |a BC  |b BC  |c General  |d 2017-08-03  |l 0  |o 980.03 MOV  |p 1350436  |r 2026-01-13 00:00:00  |t 1  |w 2017-08-03  |y BK 
952 |0 0  |1 0  |4 0  |6 980_030000000000000_MOV  |7 0  |8 General  |9 46850  |a BC  |b BC  |c General  |d 2017-08-03  |l 0  |o 980.03 MOV  |p 1350437  |r 2026-01-13 00:00:00  |t 2  |w 2017-08-03  |y BK 
952 |0 0  |1 0  |4 0  |6 980_030000000000000_MOV  |7 0  |8 General  |9 46851  |a BC  |b BC  |c General  |d 2017-08-03  |l 1  |o 980.03 MOV  |p 1350438  |r 2026-01-13 00:00:00  |s 2018-05-03  |t 3  |w 2017-08-03  |y BK 
952 |0 0  |1 0  |4 0  |6 980_030000000000000_MOV  |7 0  |8 General  |9 46852  |a BC  |b BC  |c General  |d 2017-08-03  |o 980.03 MOV  |p 1350439  |q 2017-06-28  |r 2017-08-03 00:00:00  |t 1  |w 2017-08-03  |y BK 
999 |c 23448  |d 23448